Southville International School and Colleges
Your cart is empty.
  • Cart
  • Lists
    Public lists Eva Luna New books Lux_list list_1
    Your lists Log in to create your own lists
  • Log in to your account
  • Your cookies
  • Search history
Southville International School and Colleges
  • Advanced search
  • Recent comments
  • Most popular
  • Libraries

Log in to your account

Log in with GOOGLE


If you do not have an external account, but do have a local account, you can still log in:

  1. Home
  2. MARC view: Manufacturing planning and control /
Normal view MARC view ISBD view

Manufacturing planning and control / (Record no. 275983)

[ view plain ]
MARC details
000 -LEADER
fixed length control field 00640nam a2200205 a 4500
001 - CONTROL NUMBER
control field SSB003153
005 - DATE AND TIME OF LATEST TRANSACTION
control field 20141001100121.0
008 - FIXED-LENGTH DATA ELEMENTS--GENERAL INFORMATION
fixed length control field
020 ## - INTERNATIONAL STANDARD BOOK NUMBER
International Standard Book Number 9780077117399
050 ## - LIBRARY OF CONGRESS CALL NUMBER
Classification number TS 176
Item number .J738 2009
100 ## - MAIN ENTRY--PERSONAL NAME
Personal name Jonsson, Patrik.
245 #0 - TITLE STATEMENT
Title Manufacturing planning and control /
Statement of responsibility, etc Patrik Jonsson and Stig-Arne Mattsson.
260 ## - PUBLICATION, DISTRIBUTION, ETC. (IMPRINT)
Place of publication, distribution, etc London :
Name of publisher, distributor, etc McGraw-Hill Higher Education,
Date of publication, distribution, etc 2009.
300 ## - PHYSICAL DESCRIPTION
Extent 468 pages :
Other physical details illustrations ;
Dimensions 25 cm.
500 ## - GENERAL NOTE
General note Includes index.
650 ## - SUBJECT ADDED ENTRY--TOPICAL TERM
Topical term or geographic name as entry element Production planning.
650 ## - SUBJECT ADDED ENTRY--TOPICAL TERM
Topical term or geographic name as entry element Production control.
700 ## - ADDED ENTRY--PERSONAL NAME
Personal name Mattsson, Stig-Arne.
942 ## - ADDED ENTRY ELEMENTS (KOHA)
Source of classification or shelving scheme Library of Congress Classification
Koha item type Books
Call number prefix Foreign
Holdings
Withdrawn status Lost status Source of classification or shelving scheme Damaged status Home library Current library Shelving location Date acquired Source of acquisition Total Checkouts Full call number Barcode Date last seen Price effective from Koha item type
    Library of Congress Classification   College Library College Library General Circulation Section 10/01/2014 Library Fund   TS 176 .J738 2009 C18793 05/15/2018 10/01/2014 Books

Manufacturing planning and control /

APA

Jonsson P., Mattsson S., . (2009). Manufacturing planning and control. London: McGraw-Hill Higher Education.

Chicago

Jonsson Patrik, Mattsson Stig-Arne, . 2009. Manufacturing planning and control. London: McGraw-Hill Higher Education.

Harvard

Jonsson P., Mattsson S., . (2009). Manufacturing planning and control. London: McGraw-Hill Higher Education.

MLA

Jonsson Patrik, Mattsson Stig-Arne, . Manufacturing planning and control. London: McGraw-Hill Higher Education. 2009.

  • Place hold
  • Print
  • Cite
  • Add to your cart (remove)
  • Save record
    BIBTEX Dublin Core MARCXML MARC (non-Unicode/MARC-8) MARC (Unicode/UTF-8) MARC (Unicode/UTF-8, Standard) MODS (XML) RIS
  • More searches
    Search for this title in:
    Other Libraries (WorldCat) Other Databases (Google Scholar) Online Stores (Bookfinder.com) Open Library (openlibrary.org)

Exporting to Dublin Core...

SOUTHVILLE LIBRARY

Southville International School and Colleges Library

1281 Tropical Ave. Cor. Luxembourg St., BF Homes International, Las Pinas City

Tel. No. 8256374 / 252358 Loc. 117/146

Powered by Koha